000 01165nam a22002777a 4500
003 OSt
005 20240131104613.0
007 cr ||||||a|c|a
008 220826s2020 mx a|||fom||| 001 0 spa d
040 _erda
100 1 _945572
_aGaona Ponce, Bonifacio
245 1 _aFactores que inciden en la adopción en la energía fotovoltaica en la agricultura /
_cpor Bonifacio Gaona Ponce; director de tesis J. Reyes Altamirano Cárdenas.
264 1 _aChapingo, México :
_bEl autor,
_c2020
300 _a1 recurso en línea ( 82 páginas).
_bcuadros, figuras.
336 _atexto
_btxt
_2rdacontent
337 _acomputadora
_bc
_2rdamedia
338 _arecurso en línea
_bcr
_2rdacarrier
502 _bMCEA
_cCIESTAAM
_d2020.
_gMAE
504 _aIncluye referencias bibliográficas: páginas 65-71.
650 4 _936913
_aEnergía solar en agricultura
650 4 _936910
_aEnergía renovable
650 4 _9131818
_aEnergía solar
_xConsumo
700 1 _aAltamirano Cárdenas, J. Reyes
_eDirector de tesis.
_94659
856 _uhttp://10.13.5.2/tesis/tm/2020_CI_Gaona_Ponce_Bonifacio.pdf
_zDESCARGAR PDF
942 _2Clasificación Universidad Autónoma Chapingo
_cTD
999 _c217626
_d217626